000 00810cam a22002771 4500
001 46691
003 BD-RjUL
005 20211209054206.0
008 160803s1964 ii k 001 0 eng d
035 _a(BD-RjUL) 46810
035 _a(OCoLC)2979805
040 _aDLC
_cFU-L
_dMnU-L
_dDLC
_d(BD-RjUL)
_beng
041 _aeng
082 0 4 _a346.5491
_bCHP 1964
100 1 _aChoudhry, A.M.
_915633
110 1 _aIndia (Republic)
_9143423
245 1 4 _aThe partnership act :
_bIX of 1932 with commentary /
_c A.M. Choudhry
250 _a5th edi.
260 _aAllahabad :
_bLaw Book Co,
_c1964
300 _axxx,120 p. :
_bill. ;
_c25 cm.
504 _aIncludes Index
650 0 _aPartnership
_zPakistan
_915636
700 1 _a,
_eeditor.
_915637
942 _2ddc
_cBK
999 _c46691
_d46691